| 000 | 00553nam a22001817a 4500 | ||
|---|---|---|---|
| 999 |
_c14686 _d14686 |
||
| 008 | 161007b xxu||||| |||| 00| 0 eng d | ||
| 020 | _a9780321571120 | ||
| 020 | _a0321571126 | ||
| 050 | _aRA 774 .D66 2010 | ||
| 100 | _aDonatelle, Rebecca J. | ||
| 245 | _aAccess to health/ | ||
| 260 |
_aSan Francisco : _bBenjamin Cummings, _c2010 |
||
| 300 |
_axxxi, 689p. : _bill. ; _c28 cm |
||
| 504 | _aIncludes bibliographical references and index. | ||
| 650 | _aHealth. | ||
| 942 |
_2lcc _cBOOKS _hRA 774 .D66 2010 |
||